000 00711nab a2200169 4500
003 ES-SlBCS
005 20210327231225.0
008 151023s2015 sp ||||| |||| 00| 0 spa d
040 _aES-SlBCS
_bspa
100 1 _aMiyar-Busto, María
_9409224
245 1 3 _aLa salida de inmigrantes en contextos de declive económico
_b: ¿Cambia la autoselección durante fases recesivas?
_cMaría Miyar-Busto ; Jacobo Muñoz-Comet
246 1 1 _aImmigrant Outflows in Contexts of Economic Decline
_b: Does Self-selection Change during Periods of Recession?
650 0 4 _aCapital Humano
_9139393
700 1 _aMuñoz-Comet, Jacobo
_9329471
773 0 _gNº 152, 2015, págs. 87-104
_tReis
_wRev344
_x0210-5233
942 _2lcc
_cAR
999 _c854310
_d854310